Bank management and financial services : (Record no. 209907)
[ view plain ]
| 000 -LEADER | |
|---|---|
| fixed length control field | 00824nam a2200229Ia 4500 |
| 005 - DATE AND TIME OF LATEST TRANSACTION | |
| control field | 20220119141944.0 |
| 008 - FIXED-LENGTH DATA ELEMENTS--GENERAL INFORMATION | |
| fixed length control field | 210716s2012 xx 000 0 und d |
| 020 ## - INTERNATIONAL STANDARD BOOK NUMBER | |
| International Standard Book Number | 9789339204815 |
| 040 ## - CATALOGING SOURCE | |
| Transcribing agency | AIMIT LIBRARY |
| 041 ## - LANGUAGE CODE | |
| Language code of text/sound track or separate title | eng |
| 082 ## - DEWEY DECIMAL CLASSIFICATION NUMBER | |
| Classification number | 332.12 |
| Edition number | 8th |
| Item number | ROSP |
| 100 ## - MAIN ENTRY--PERSONAL NAME | |
| Personal name | Rose, Peter S. |
| 9 (RLIN) | 13705 |
| 245 ## - TITLE STATEMENT | |
| Title | Bank management and financial services : |
| Statement of responsibility, etc. | by Peter S. Rose and Sylvia C. Hudgins. |
| 250 ## - EDITION STATEMENT | |
| Edition statement | 8th. ed. - |
| 260 ## - PUBLICATION, DISTRIBUTION, ETC. | |
| Place of publication, distribution, etc. | New Delhi: |
| Name of publisher, distributor, etc. | Tata McGraw Hill Education Private Limited, |
| Date of publication, distribution, etc. | 2012. |
| 300 ## - PHYSICAL DESCRIPTION | |
| Extent | xxvii, 734p. ;25cm |
| 650 ## - SUBJECT ADDED ENTRY--TOPICAL TERM | |
| Topical term or geographic name entry element | Financial Statements and Financial Firm Performance |
| 9 (RLIN) | 13706 |
| 650 ## - SUBJECT ADDED ENTRY--TOPICAL TERM | |
| Topical term or geographic name entry element | Tools for Managing and Hedging Against Risk |
| 9 (RLIN) | 13707 |
| 650 ## - SUBJECT ADDED ENTRY--TOPICAL TERM | |
| Topical term or geographic name entry element | Providing Loans to Businesses and Consumers |
| 9 (RLIN) | 13708 |
| 700 ## - ADDED ENTRY--PERSONAL NAME | |
| Personal name | Hudgins, Sylvia C. |
| 9 (RLIN) | 13709 |
| 942 ## - ADDED ENTRY ELEMENTS (KOHA) | |
| Source of classification or shelving scheme | Dewey Decimal Classification |
| Koha item type | Book |
| Edition | 8th |
| Call number prefix | 332.12 ROSP |
| Withdrawn status | Lost status | Source of classification or shelving scheme | Damaged status | Not for loan | Collection code | Home library | Current library | Date acquired | Cost, normal purchase price | Inventory number | Total Checkouts | Full call number | Barcode | Date last seen | Date last checked out | Cost, replacement price | Price effective from | Koha item type |
|---|---|---|---|---|---|---|---|---|---|---|---|---|---|---|---|---|---|---|
| Dewey Decimal Classification | MBA | St Aloysius Institute of Management & Information Technology | St Aloysius Institute of Management & Information Technology | 12/16/2016 | 895.00 | Bill no:191; Bill dt:2016-12-15 | 2 | 332.12 ROSP | MBA12473 | 05/23/2026 | 01/06/2025 | 716.00 | 07/16/2021 | Book | ||||
| Dewey Decimal Classification | MBA | St Aloysius Institute of Management & Information Technology | St Aloysius Institute of Management & Information Technology | 03/15/2018 | 945.00 | Bill no:4594; Bill dt:2018-03-15 | 332.12 ROSP | MBA13154 | 05/23/2026 | 708.75 | 07/16/2021 | Book | ||||||
| Dewey Decimal Classification | MBA | St Aloysius Institute of Management & Information Technology | St Aloysius Institute of Management & Information Technology | 03/15/2018 | 945.00 | Bill no:4594; Bill dt:2018-03-15 | 332.12 ROSP | MBA13155 | 05/23/2026 | 708.75 | 07/16/2021 | Book | ||||||
| Dewey Decimal Classification | MBA | St Aloysius Institute of Management & Information Technology | St Aloysius Institute of Management & Information Technology | 03/12/2019 | 945.00 | Bill no:5381; Bill dt:2019-03-11 | 1 | 332.12 ROSP | MBA13574 | 05/23/2026 | 12/19/2024 | 756.00 | 07/16/2021 | Book |